Propuesta para el traslado de la planta piloto del Laboratorio de Automatización Industrial
Enregistré dans:
| Auteur principal: | |
|---|---|
| Format: | Livre |
| Publié: |
[San José , Costa Rica]
2000
|
| Tags: |
Ajouter un tag
Pas de tags, Soyez le premier à ajouter un tag!
|
MARC
| LEADER | 00000nam a2200000Ia 4500 | ||
|---|---|---|---|
| 003 | L000813 | ||
| 005 | 20221231144015.0 | ||
| 008 | 140114s2000 c a 000 ||s d | ||
| 040 | |c cru CEDI | ||
| 082 | |a 629.89 A385p | ||
| 100 | |a Alfaro, Víctor M |9 18094 | ||
| 245 | |a Propuesta para el traslado de la planta piloto del Laboratorio de Automatización Industrial | ||
| 260 | |a [San José , Costa Rica] |c 2000 | ||
| 300 | |a paginación varia, ilustraciones | ||
| 500 | |a A la Cabeza de la portada. Universidad de Costa Rica. Facultad de Ingeniería. Escuela de Ingeniería Eléctrica. Departamento de Automática | ||
| 942 | |2 ddc |c BK | ||
| 999 | |c 15538 |d 15538 | ||
